000
00242nam a2200097Ia 4500
001
682870
005
20250826161427.0
008
250824s9999 xx 000 0 und d
245
0
_a
HÜZÜN VE TESADÜF
_c
MUSTAFA KUTLU
260
_b
DERGAH YAYINLARI
999
_c
682870
_d
682870